| 000 | 00474nam a22001817a 4500 | ||
|---|---|---|---|
| 003 | MPLRDC | ||
| 005 | 20220104123912.0 | ||
| 008 | 210129b ||||| |||| 00| 0 eng d | ||
| 020 | _a962-04-0805-5 | ||
| 082 | _a490.9952 SBE | ||
| 100 | _a罗伯特. 索贝尔、戴维. B.西西利亚著; | ||
| 245 |
_a创建企业帝国的人 _c |
||
| 250 | _a一版一刷 | ||
| 260 |
_a _b三联书店有限公司 _c1990 |
||
| 300 | _b平 | ||
| 650 | _a | ||
| 942 |
_cBK _o490.9952 SBE |
||
| 999 |
_c15098 _d15088 |
||